| 000 | 00384nam a2200157Ia 4500 | ||
|---|---|---|---|
| 008 | 210716s2013 xx 000 0 und d | ||
| 020 | _a9788126543021 | ||
| 041 | _aeng | ||
| 082 | _a155.9042 ELKA | ||
| 100 | _aElkin, Allen. | ||
| 245 | _aStress management for dummies. | ||
| 250 | _a2 | ||
| 260 |
_aNew Delhi _bWILEY _c2013 |
||
| 300 | _axviii,362 | ||
| 650 | _aGeneral Knowledge | ||
| 999 |
_c211530 _d211530 |
||